Stadtbahn Hannover (Stand 04.2025) - Statistiken

Allgemein
  • Dieses Quiz wurde 65 mal gespielt
  • Das Durchschnittsergebnis liegt bei 181 aus 352
Antwortstatistiken
3 % Korrekt
Kröpcke
96%
Rethen/Bahnhof
94%
Hauptbahnhof
92%
Messe/Nord
92%
Aegidientorplatz
90%
Messe/Ost
87%
Braunschweiger Platz
83%
Langenhagen
83%
Garbsen
81%
Laatzen
81%
Steintor
81%
Stadionbrücke
77%
Stöcken
77%
Ahlem
75%
Hemmingen
75%
Markthalle/Landtag
75%
Misburg
75%
Sedanstraße/Lister Meile
75%
Waterloo
75%
Zoo
75%
Altwarmbüchen
73%
Sarstedt
73%
Lister Platz
71%
Marienstraße
71%
Roderbruch
71%
Anderten
69%
Empelde
69%
Herrenhäuser Gärten
69%
Schwarzer Bär
69%
Nordhafen
67%
Vier Grenzen
67%
Wettbergen
67%
Alte Heide
65%
Leibniz Universität
65%
Dragonerstraße
65%
Fasanenkrug
65%
Hauptbahnhof/ZOB
65%
Königsworther Platz
65%
Leibniz Universität
65%
Noltemeyerbrücke
65%
Allerweg
63%
Christuskirche
63%
Glocksee
63%
Haltenhoffstraße
62%
Peiner Straße
62%
Altwarmbüchen/Zentrum
60%
Döhrener Turm
60%
Geibelstraße
60%
Hemmingen/Zentrum
60%
Kantplatz
60%
Laatzen/Zentrum
60%
Langenhagen/Zentrum
60%
Pelikanstraße
60%
Schlägerstraße
60%
Appelstraße
58%
Bf. Linden/Fischerhof
58%
Hannover Congress-Centrum
58%
Medizinische Hochschule
58%
Am Küchengarten
56%
Goetheplatz
56%
Hauptbahnhof/Rosenstraße
56%
Wallensteinstraße
56%
Altenbeckener Damm
54%
Bothfeld
54%
Clausewitzstraße
54%
Gleidingen
54%
Herrenhäuser Markt
54%
Werderstraße
54%
Gleidingen
52%
Kopernikusstraße
52%
Laatzen/Krankenhaus
52%
Niedersachsenring
52%
Spannhagengarten
52%
Altenbekener Damm
50%
In den Sieben Stücken
50%
Mühlenberger Markt
50%
Paracelsusweg
50%
Roderbruchmarkt
50%
Schaumburgstraße
50%
Schneiderberg/W.-Busch-Museum
50%
Vahrenwalder Platz
50%
Alter Flughafen
48%
Fiedelerstraße
48%
Klingerstraße
48%
Lindener Marktplatz
48%
Lortzingstraße
46%
Stadtfriedhof Lahe
46%
Stadtfriedhof Stöcken
46%
Wissenschaftspark Marienwerder
46%
Stöckener Markt
44%
Freundallee
42%
Leinaustraße
42%
Misburger Straße
42%
Stadtfriedhof Seelhorst
42%
Altwarmbüchen/Opelstraße
40%
Am Brabrinke
40%
Freizeitheim Linden
40%
Laatzen/Park der Sinne
40%
Nieschlagstraße
40%
Oldenburger Allee
40%
Stadtfriedhof Bothfeld
40%
Bf. Leinhausen
38%
Humboldtstraße
38%
Nackenberg
38%
Tiergarten
38%
Annastift
37%
Auf der Klappenburg
37%
Bf. Karl-Wiechert-Allee
37%
Bothfelder Kirchweg
37%
Bothmerstraße
37%
Büttnerstraße
37%
Kabelkamp
37%
Kinderkrankenhaus auf der Bult
37%
Tresckowstraße
37%
Am Lindener Hafen
35%
Beekestraße
35%
Berliner Platz
35%
Bf. Nordstadt
35%
Brunnenstraße
35%
Buchholz/Betriebshof
35%
Bünteweg/Tierärtzliche Hochschule
35%
Döhren/Betriebshof
35%
Fuhsestraße/Betriebshof
35%
Glocksee/Betriebshof
35%
Großer Hillen
35%
Kurze-Kamp-Straße
35%
Laatzen/aquaLaatzium
35%
Laatzen/Ginsterweg
35%
Safariweg
35%
Schierholzstraße
35%
Schünemannplatz
35%
Wunstorfer Straße
35%
Am Mittelfelde
33%
Bauweg
33%
Beekestraße
33%
Brabeckstraße
33%
Jädekamp
33%
Kronsberg
33%
Lauckerthof
33%
Pascalstraße
33%
Wiehbergstraße
33%
Windausstraße
33%
Freudenthalstraße
31%
Gleidingen/Thorstraße
31%
Großer Kolonnenweg
31%
Hemmingen/Berliner Straße
31%
Laatzen/Birkenstraße
31%
Reiterstadion
31%
Sarstedt/Röntgenstraße
31%
Schönebecker Allee
31%
Uhlhornstraße
31%
Wiesenau
31%
Auf der Horst/Marshof
29%
Bahnstrift
29%
Heisede/Langer Kamp
29%
Kafkastraße
29%
Laatzen/Eichstraße
29%
Laatzen/Rethener Winkel
29%
Langenhagen/Angerstraße
29%
Rethen/Galgenbergweg
29%
Rethen/Pattenser Straße
29%
Saarbrückener Straße
29%
Tempelhofweg
29%
Zuschlagstraße
29%
Am Forstkamp
27%
Bleekstraße
27%
Ehrhartstraße
27%
Harenberger Straße
27%
Mecklenheidestraße
27%
Pappelwiese
27%
Vahrenheider Markt
27%
Am Soltekampe
25%
Auf der Horst/Skorpiongasse
25%
August-Madsack-Straße
25%
Bartold-Knaust-Straße
25%
Fenskestraße
25%
Friedenauer Straße
25%
Hainhölzer Markt
25%
Hermann-Ehlers-Allee
25%
Körtingsdorfer Weg
25%
Krepenstraße
25%
Laatzen/Neuer Schlag
25%
Ostfeldstraße
25%
Rethen/Steinfeld
25%
Sarstedt/Am Boksberg
25%
Stockholmer Allee
25%
Am Sauerwinkel
23%
Bernhard-Caspar-Straße
23%
Langenhagen/ Kurt-Schumacher-Allee
23%
Feldbuschwende
23%
Fuhsestraße
23%
Heisede/Marienburger Straße
23%
Langenhagen/Langenforther Platz
23%
Seelhorster Allee
23%
Stadtfriedhof Ricklingen
23%
Altwarmbüchen/Ernst-Grote-Straße
21%
An der Strangride
21%
Emslandstraße
21%
Hemmingen/Saarstraße
21%
Königsberger Ring
21%
Krügerskamp
21%
Zehlendorfweg
21%
Papenwinkel
19%
Riechersstraße
19%
Beneckeallee
17%
Gleidingen/Am Leinkamp
17%
Stadtionbrücke
15%
Unter den Birken
15%
Kerstingstraße
13%
Keine übereinstimmenden Quizze gefunden
Verteilung der Resultate
Anzahl Personen mit jedem Resultat
Perzentil nach korrekt beantworteten Fragen
Ihre Resultats-Entwicklung
Sie haben dieses Quiz noch nicht gespielt